Представление документа в формате RUSMARC

ПолеНазваниеЗначение
  Тип записи c
  Библиографический уровень m
001 Контрольный номер RU/УОНБ/EK_N/539355529
005 Дата корректировки 20250520125526.1
010 Индекс ISBN __
9 Тираж 3000 экз.
013 Номер (ISMN) __
d Цена 17 к.
071 Издательские номер (звукозапись и ноты) 21
a Номер, присвоенный агентством 25123
100 Данные общей обработки __
a Данные общей обработки 20170202d1955 u |0rusy0189||||ca
101 Язык документа 0_
a Язык текста rus
102 Страна публикации __
a Страна публикации RU
105 Кодированные данные (монография) __
a Кодированные данные (монография) y###||||000|y
125 Кодированные данные звукозаписи и нотных изданий __
a Форма изложения нотного текста с|
128 Кодированные данные (звукозаписи-физические характеристики) __
a Кодированные данные: Музыкальная форма и тональность или лад fso
c Инструменты или голоса, рекомендуемые для солистов (устаревшее) vu||
200 Заглавие и сведения об ответственности 1_
a Заглавие Индийские песни
b Общее обозначение материала Ноты
f Первые сведения об ответственности в обраб. для голоса и фп. Т. Кулиева
g Последующие сведения об ответственности пер. А. Машистова
210 Выходные данные 1_
a Место издания Москва
c Издательство Музгиз
d Дата издания 1955
215 Физическое описание __
a Объем 13 с.
d Формат 29 см
327 Примечание о содержании 11
a Примечание о содержании Содерж. : Солнце заходит / сл. и муз. Хариндраната Чаттопадхайн ; Бенгальская шуточная : нар. песня.
464 Аналитический уровень _0
1 2001
a Солнце заходит
e Солнце заходит, ночь близка...
1 700 1
a Чаттопадхайн
b Х.
464 Аналитический уровень _0
1 2001
a Бенгальская шуточная
e Ты на свете лишь одна...
e нар. песня
512 Заглавие обложки 1_
a Заглавие обложки Индийские песни
606 Тематические рубрики 0_
a Основная рубрика Народные песни
x Основная подрубрика Индийские народные песни
610 Ключевые слова 0_
a Ключевые слова индийские народные песни
686 Индексы других классификаций __
a Классификационный индекс 85.92-4(5Инд)
a Классификационный индекс 85.943.4-092
2 Код системы rubbk
702 Вторичная интеллектуальная ответственность _1
a Фамилия Кулиев
b Имя (инициалы) Т.
4 Код отношения 030
702 Вторичная интеллектуальная ответственность _1
a Фамилия Машистов
b Имя (инициалы) А.
4 Код отношения 730
801 Источник записи _0
a Страна RU
b Организация Ульяновская ОНБ
c Дата составления 20170202
g Правила каталогизации RCR
801 Источник записи _1
a Страна RU
b Организация Ульяновская ОНБ
c Дата составления 20170202
g Правила каталогизации RCR
901 Тип документа __
t Тип документа m
909 Создатель записи __
a Создатель записи Никитина Т. А.
938 Служебная информация __
a Имя БД noti
b Имя библиотеки УОНБ
c Имя АИБС МАРК-SQL
d Номер DOC_ID в БД 15781